On the analytic commutator for Λ–Ω differential systems
In this paper, we give the necessary and sufficient conditions for some Λ–Ω differential systems to have an analytic commutator, use these properties to judge the origin point of the Λ–Ω differential systems to be an isochronous center.
Elmentve itt :
| Szerző: | |
|---|---|
| Dokumentumtípus: | Folyóirat |
| Megjelent: |
2023
|
| Sorozat: | Electronic journal of qualitative theory of differential equations
|
| Kulcsszavak: | Differenciálegyenlet |
| doi: | 10.14232/ejqtde.2023.1.25 |
| Online Access: | http://acta.bibl.u-szeged.hu/82275 |
| LEADER | 00955nas a2200205 i 4500 | ||
|---|---|---|---|
| 001 | acta82275 | ||
| 005 | 20231116123157.0 | ||
| 008 | 231116s2023 hu o 0|| eng d | ||
| 022 | |a 1417-3875 | ||
| 024 | 7 | |a 10.14232/ejqtde.2023.1.25 |2 doi | |
| 040 | |a SZTE Egyetemi Kiadványok Repozitórium |b hun | ||
| 041 | |a eng | ||
| 100 | 1 | |a Zhou Zhengxin | |
| 245 | 1 | 3 | |a On the analytic commutator for Λ–Ω differential systems |h [elektronikus dokumentum] / |c Zhou Zhengxin |
| 260 | |c 2023 | ||
| 300 | |a 14 | ||
| 490 | 0 | |a Electronic journal of qualitative theory of differential equations | |
| 520 | 3 | |a In this paper, we give the necessary and sufficient conditions for some Λ–Ω differential systems to have an analytic commutator, use these properties to judge the origin point of the Λ–Ω differential systems to be an isochronous center. | |
| 695 | |a Differenciálegyenlet | ||
| 856 | 4 | 0 | |u http://acta.bibl.u-szeged.hu/82275/1/ejqtde_2023_025.pdf |z Dokumentum-elérés |